000 00309nam a22001337a 4500
008 170918b xxu||||| |||| 00| 0 eng d
020 _a9780520242104
041 _aeng
080 _a7
100 _a44
101 _aART
245 _aSEURAT AND THE MAKING OF LA GRANDE JATTE
_cHERBERT,R.L
942 _2udc
_cBK
999 _c27982
_d27982